[Event "Soest op"]
[Site "Soest"]
[Date "2001.05.26"]
[Round "5.25"]
[White "Brinkhuis, Mark"]
[Black "Spronk, Hans"]
[Result "1-0"]
[WhiteElo "1193"]
[BlackElo "1013"]
[PlyCount "30"]
[EventDate "2001.05.25"]
[EventType "swiss"]
[EventRounds "7"]
[EventCountry "NED"]
[SourceTitle "EXT 2002"]
[Source "ChessBase"]
[SourceDate "2001.11.25"]
[SourceVersion "1"]
[SourceVersionDate "2001.11.25"]
[SourceQuality "1"]

1. e4 e5 2. Nf3 Nc6 3. d4 Bb4+ 4. Bd2 Ba5 5. dxe5 Qe7 6. c3 a6 7. Na3 Qe6 8. Nc4 b5 9. Ne3 h6 10. Nd5 Ra7 11. Be3 Ra8 12. b4 Bb7 13. bxa5 Nxa5 14. Nxc7+ Ke7 15. Nxe6 fxe6 1-0

[Event "Soest op"]
[Site "Soest"]
[Date "2001.05.26"]
[Round "3.31"]
[White "Woudsma, Ron"]
[Black "Brinkhuis, Mark"]
[Result "1-0"]
[WhiteElo "1561"]
[BlackElo "1193"]
[PlyCount "47"]
[EventDate "2001.05.25"]
[EventType "swiss"]
[EventRounds "7"]
[EventCountry "NED"]
[SourceTitle "EXT 2002"]
[Source "ChessBase"]
[SourceDate "2001.11.25"]
[SourceVersion "1"]
[SourceVersionDate "2001.11.25"]
[SourceQuality "1"]

1. e4 e5 2. f4 f6 3. Nf3 Nc6 4. Bc4 b6 5. 0-0 Bb7 6. Nc3 Qe7 7. Qe2 Qc5+ 8. Kh1 Ba6 9. Bxa6 Nb4 10. Bd3 0-0-0 11. a3 Qa5 12. fxe5 Bc5 13. Nd5 Bd4 14. Nxd4 fxe5 15. Nf3 Nxd5 16. exd5 Qxd5 17. Qe4 Nf6 18. Qxd5 Nxd5 19. Nxe5 Rde8 20. Nc4 h6 21. b4 Rhf8 22. Bb2 g5 23. Bg7 Rf7 24. Rxf7 1-0